[Event "Roncana op-B 13th"]
[Site "Santa Eulalia de Roncana"]
[Date "2019.11.09"]
[Round "6"]
[White "Gomez Sanchez, Javier"]
[Black "Miro Arbelaes, Aleix"]
[Result "0-1"]
[WhiteElo "1405"]
[BlackElo "1467"]
[PlyCount "108"]
[EventDate "2019.09.28"]
[EventType "swiss"]
[EventRounds "8"]
[EventCountry "ESP"]
[SourceTitle "CBM 193 Extra"]
[Source "ChessBase"]
[SourceDate "2020.01.31"]
[SourceVersion "1"]
[SourceVersionDate "2020.01.31"]
[SourceQuality "1"]

1. e4 e6 2. d4 d5 3. Bd3 dxe4 4. Bxe4 Nf6 5. Bg5 c5 6. Ne2 cxd4 7. Nxd4 Qa5+ 8. Bd2 Qb6 9. Qf3 Qxd4 10. Bxb7 Bxb7 11. Qxb7 Qe4+ 12. Qxe4 Nxe4 13. Be3 Bc5 14. Bxc5 Nxc5 15. 0-0 Nc6 16. Nc3 0-0 17. a3 a5 18. f3 Rab8 19. b3 Rfd8 20. Rf2 Rd7 21. Ne4 Nxe4 22. fxe4 Rbd8 23. Raf1 Ne5 24. c4 Rd1 25. c5 Rxf1+ 26. Rxf1 Rc8 27. b4 axb4 28. axb4 Nd3 29. Rb1 Kf8 30. Kf1 Ke7 31. Ke2 Ne5 32. h3 Kd7 33. Rd1+ Kc6 34. Rd6+ Kb5 35. Rb6+ Kc4 36. Ke3 g5 37. Rb7 h5 38. g3 Rf8 39. Rb6 Nd3 40. c6 Nxb4 41. c7 Rc8 42. Rb7 Na6 43. Ra7 Nxc7 44. Ra4+ Kb5 45. Rd4 Kc6 46. Rc4+ Kd7 47. Rc5 f6 48. e5 f5 49. Kf3 g4+ 50. hxg4 hxg4+ 51. Ke2 Nd5 52. Ra5 Rc2+ 53. Kd3 Rc3+ 54. Kd4 Rxg3 0-1

[Event "Roncana op-B 13th"]
[Site "Santa Eulalia de Roncana"]
[Date "2019.10.12"]
[Round "3"]
[White "Miro Arbelaes, Aleix"]
[Black "Casas Nin, Jordi"]
[Result "1-0"]
[WhiteElo "1467"]
[BlackElo "1534"]
[PlyCount "69"]
[EventDate "2019.09.28"]
[EventType "swiss"]
[EventRounds "8"]
[EventCountry "ESP"]
[SourceTitle "CBM 193 Extra"]
[Source "ChessBase"]
[SourceDate "2020.01.31"]
[SourceVersion "1"]
[SourceVersionDate "2020.01.31"]
[SourceQuality "1"]

1. d4 d5 2. c4 Nf6 3. cxd5 Nxd5 4. e4 Nf6 5. Nc3 e6 6. Bg5 Be7 7. Nf3 h6 8. Bf4 0-0 9. Qc2 Bb4 10. a3 Bxc3+ 11. bxc3 Nh5 12. Be3 Qf6 13. e5 Qg6 14. Qxg6 fxg6 15. Nh4 g5 16. Ng6 Rf7 17. g3 Kh7 18. Bd3 Kg8 19. Be2 Nf6 20. exf6 gxf6 21. Bh5 Rd7 22. h4 Kg7 23. hxg5 hxg5 24. f4 g4 25. Nh4 f5 26. Be8 Rd6 27. Ra2 c6 28. Rah2 Rd8 29. Bh5 Nd7 30. Ng6 b6 31. Ne5 Nf6 32. Bf7 Bd7 33. Rh6 Ne4 34. Rh7+ Kf8 35. Ng6# 1-0

[Event "Torroella de Montgri U2200 2nd"]
[Site "Torroella de Montgri"]
[Date "2019.09.06"]
[Round "1.10"]
[White "Miro Arbelaes, Aleix"]
[Black "Sanz Ogaya, Mario"]
[Result "0-1"]
[WhiteElo "1467"]
[BlackElo "1921"]
[PlyCount "52"]
[EventDate "2019.09.06"]
[EventType "swiss"]
[EventRounds "7"]
[EventCountry "ESP"]
[SourceTitle "EXT 2024"]
[Source "ChessBase"]
[SourceDate "2023.10.10"]
[SourceVersion "1"]
[SourceVersionDate "2023.10.10"]
[SourceQuality "1"]

1. d4 Nf6 2. c4 e5 3. dxe5 Ng4 4. Bf4 Nc6 5. Nf3 Bb4+ 6. Nc3 Bxc3+ 7. bxc3 Qe7 8. Qd5 f6 9. exf6 Nxf6 10. Qd2 d6 11. e3 0-0 12. Bd3 Bg4 13. Rg1 Kh8 14. Qc2 Rae8 15. Bg5 h6 16. Bh4 Ne5 17. Nxe5 Qxe5 18. h3 Qh2 19. Kf1 Nd7 20. Be2 Bxh3 21. Qa4 Nc5 22. Qxa7 Bxg2+ 23. Rxg2 Qxh4 24. Qa5 Ne4 25. Qd5 Kh7 26. Ke1 Rxf2 0-1

[Event "Barcelona Sants op 21st"]
[Site "Barcelona"]
[Date "2019.08.29"]
[Round "7"]
[White "Miro Arbelaes, Aleix"]
[Black "Folch Brach, Jordi"]
[Result "1-0"]
[WhiteElo "1467"]
[BlackElo "1571"]
[PlyCount "149"]
[EventDate "2019.08.23"]
[EventType "swiss"]
[EventRounds "10"]
[EventCountry "ESP"]
[SourceTitle "EXT 2020"]
[Source "ChessBase"]
[SourceDate "2019.10.17"]
[SourceVersion "1"]
[SourceVersionDate "2019.10.17"]
[SourceQuality "1"]

1. d4 d5 2. Nf3 Nf6 3. e3 e6 4. Bd3 c5 5. b3 cxd4 6. exd4 Be7 7. Nbd2 0-0 8. Bb2 Nc6 9. a3 a6 10. Ne5 Qb6 11. Nxc6 Qxc6 12. Nf3 b5 13. Ne5 Qc7 14. 0-0 Bd6 15. f4 Bb7 16. Rf3 Rfe8 17. Rh3 g6 18. g4 Ne4 19. g5 Kg7 20. Qe1 Rh8 21. Qh4 Bxe5 22. dxe5 Qb6+ 23. Kg2 Rac8 24. Rf1 Qd8 25. Qh6+ Kg8 26. Re3 Nc5 27. Bd4 Nxd3 28. cxd3 Qf8 29. Qxf8+ Kxf8 30. Ree1 Ke8 31. Rc1 Kd7 32. b4 Bc6 33. Bc5 Ra8 34. Rc2 a5 35. Rfc1 Rhc8 36. h4 axb4 37. Bxb4 Bb7 38. Bc5 Ra4 39. d4 Bc6 40. Kf3 Rc4 41. Ke3 Rxc2 42. Rxc2 Ra8 43. Rh2 Rh8 44. h5 Bb7 45. hxg6 fxg6 46. Kd3 Bc6 47. Kc3 Kc8 48. Kb4 Kb7 49. Be7 Kb6 50. Bf6 Ra8 51. Be7 Rh8 52. Bf6 Ra8 53. Rxh7 Ra4+ 54. Kb3 Rxd4 55. Bd8+ Kc5 56. Be7+ Kb6 57. Rf7 Rd3+ 58. Kc2 Rf3 59. Rf6 Bd7 60. Bb4 d4 61. Kd2 d3 62. Rxg6 Kc6 63. Rf6 Kd5 64. Rf7 Be8 65. Rf8 Bg6 66. Rg8 Bf5 67. g6 Rxf4 68. Rd8+ Ke4 69. g7 Bh7 70. Rh8 Rf2+ 71. Ke1 Rg2 72. Rxh7 Kxe5 73. Bc3+ Kd5 74. Rh8 d2+ 75. Kd1 1-0

[Event "Llinars del Valles op-B 13th"]
[Site "Llinars del Valles"]
[Date "2019.06.01"]
[Round "6"]
[White "Miro Arbelaes, Aleix"]
[Black "Ojea Pacheco, Matias"]
[Result "1-0"]
[WhiteElo "1569"]
[BlackElo "1376"]
[PlyCount "81"]
[EventDate "2019.03.30"]
[EventType "swiss"]
[EventRounds "8"]
[EventCountry "ESP"]
[SourceTitle "EXT 2020"]
[Source "ChessBase"]
[SourceDate "2019.10.17"]
[SourceVersion "1"]
[SourceVersionDate "2019.10.17"]
[SourceQuality "1"]

1. e4 c5 2. Nf3 d6 3. Be2 Nf6 4. c3 Nc6 5. Qc2 g6 6. h3 Bg7 7. d3 0-0 8. Be3 a6 9. a4 Bd7 10. 0-0 Rb8 11. Nbd2 Qc7 12. Ra3 Na7 13. Bf4 b5 14. axb5 axb5 15. e5 Nh5 16. exd6 exd6 17. Rxa7 Qxa7 18. Bxd6 Rfe8 19. Bxb8 Qxb8 20. Re1 Nf4 21. Bf1 Rxe1 22. Nxe1 Qe8 23. Nef3 Bf5 24. Nh4 Bc8 25. Ne4 Qe7 26. Nf3 Bb7 27. Qd2 Bh6 28. Qc2 c4 29. Ned2 cxd3 30. Bxd3 Nxd3 31. Qxd3 b4 32. cxb4 Qxb4 33. Qc3 Qd6 34. Nd4 Bg7 35. N2b3 Qd5 36. f3 Ba6 37. Qe3 Bxd4 38. Nxd4 Qc5 39. Qe8+ Kg7 40. Qe3 Qb6 41. Nf5+ 1-0

[Event "Llinars del Valles op-B 13th"]
[Site "Llinars del Valles"]
[Date "2019.04.27"]
[Round "3"]
[White "Miro Arbelaes, Aleix"]
[Black "Toquero Gracia, Laura"]
[Result "1/2-1/2"]
[WhiteElo "1569"]
[BlackElo "1135"]
[PlyCount "101"]
[EventDate "2019.03.30"]
[EventType "swiss"]
[EventRounds "8"]
[EventCountry "ESP"]
[SourceTitle "EXT 2020"]
[Source "ChessBase"]
[SourceDate "2019.10.17"]
[SourceVersion "1"]
[SourceVersionDate "2019.10.17"]
[SourceQuality "1"]

1. e4 d6 2. Nf3 Nf6 3. Nc3 Nbd7 4. Bc4 h6 5. h3 e5 6. d3 c6 7. 0-0 Qc7 8. Re1 Be7 9. Be3 0-0 10. Bb3 Re8 11. Qd2 Bf8 12. Rad1 b5 13. a3 a5 14. Ne2 a4 15. Ba2 Bb7 16. Nc3 Rac8 17. Rc1 Red8 18. d4 Re8 19. d5 Ba6 20. dxc6 Qxc6 21. Bd5 Qc7 22. Qd3 Rb8 23. Nxa4 bxa4 24. Qxa6 Rxb2 25. Qxa4 Rc8 26. Bb3 Nc5 27. Bxc5 Qxc5 28. Nd2 Rc7 29. Nc4 Ra7 30. Qb4 Qxb4 31. axb4 Rxb3 32. cxb3 Rb7 33. f3 Rxb4 34. Rc3 Rb8 35. Ra1 d5 36. exd5 Bc5+ 37. Kh2 Bd4 38. Rac1 Bxc3 39. Rxc3 Nxd5 40. Rd3 Nf4 41. Re3 f6 42. g3 Nd5 43. Rd3 Nb4 44. Rd2 Na6 45. Rd6 Nc5 46. Rb6 Rxb6 47. Nxb6 Nxb3 48. g4 Nd4 49. Kg3 g6 50. h4 f5 51. Nc4 1/2-1/2

[Event "Roncana op-B 12th"]
[Site "Santa Eulalia de Roncana"]
[Date "2018.10.27"]
[Round "4"]
[White "Lambert Pont, Michael"]
[Black "Miro Arbelaes, Aleix"]
[Result "0-1"]
[WhiteElo "1348"]
[BlackElo "1505"]
[PlyCount "154"]
[EventDate "2018.09.29"]
[EventType "swiss"]
[EventRounds "8"]
[EventCountry "ESP"]
[SourceTitle "EXT 2020"]
[Source "ChessBase"]
[SourceDate "2019.10.17"]
[SourceVersion "1"]
[SourceVersionDate "2019.10.17"]
[SourceQuality "1"]

1. d4 e6 2. Bf4 d5 3. Nf3 c5 4. e3 Nc6 5. c3 cxd4 6. exd4 Nf6 7. Nbd2 Be7 8. Bd3 b6 9. Ne5 Bb7 10. Bb5 Rc8 11. Bxc6+ Bxc6 12. Nxc6 Rxc6 13. Qa4 Qd7 14. Nf3 Rc8 15. Qxd7+ Nxd7 16. Ne5 Nxe5 17. Bxe5 0-0 18. 0-0 Rcd8 19. a4 Bd6 20. Bxd6 Rxd6 21. a5 h6 22. axb6 Rxb6 23. Rfb1 Rfb8 24. b4 Rc8 25. Rc1 Rc4 26. Kf1 Rbc6 27. b5 Rc7 28. Ke2 Rxc3 29. Rxc3 Rxc3 30. Rxa7 Rb3 31. Rb7 Rb2+ 32. Ke3 g5 33. Rb8+ Kg7 34. h3 h5 35. b6 g4 36. hxg4 hxg4 37. g3 Kf6 38. Rb7 Rb3+ 39. Kf4 Rf3+ 40. Kxg4 Rxf2 41. Ra7 Rb2 42. b7 Rb3 43. Kf4 Rb4 44. Ke3 Kg7 45. g4 Kf6 46. Kd3 Kg5 47. b8Q Rxb8 48. Rxf7 Kxg4 49. Rf6 Rb6 50. Ke3 Kg5 51. Rf8 Rb7 52. Rf1 Kg6 53. Rg1+ Kf6 54. Rf1+ Ke7 55. Rg1 Rb3+ 56. Kf4 Rd3 57. Ke5 Re3+ 58. Kf4 Re4+ 59. Kf3 Rxd4 60. Ke3 Re4+ 61. Kd3 Kd6 62. Rg6 Rf4 63. Ke3 Rf8 64. Kd4 Rh8 65. Rf6 Rh4+ 66. Ke3 Ke5 67. Rf8 Rh3+ 68. Kd2 Ke4 69. Re8 Rh2+ 70. Ke1 e5 71. Kd1 Kd3 72. Ke1 e4 73. Rd8 d4 74. Kf1 e3 75. Kg1 Rd2 76. Rf8 Rd1+ 77. Kg2 Ke2 0-1

[Event "Llinars del Valles op-B 12th"]
[Site "Llinars del Valles"]
[Date "2018.06.02"]
[Round "7.17"]
[White "Miro Arbelaes, Aleix"]
[Black "Fernandez Climent, Albert"]
[Result "1/2-1/2"]
[WhiteElo "1493"]
[BlackElo "1343"]
[PlyCount "103"]
[EventDate "2018.04.14"]
[EventType "swiss"]
[EventRounds "8"]
[EventCountry "ESP"]
[SourceTitle "CBM 184 Extra"]
[Source "ChessBase"]
[SourceDate "2018.06.28"]
[SourceVersion "1"]
[SourceVersionDate "2018.06.28"]
[SourceQuality "1"]

1. d4 Nf6 2. c4 c5 3. Nf3 cxd4 4. Nxd4 b6 5. Nc3 Bb7 6. Qc2 e6 7. Bg5 Be7 8. f3 d6 9. 0-0-0 a6 10. e4 Nbd7 11. Bd3 Rc8 12. Rhe1 0-0 13. g3 h6 14. Be3 Ne5 15. b3 Nxd3+ 16. Qxd3 d5 17. Nc2 dxc4 18. Qxd8 Rfxd8 19. Kb2 cxb3 20. axb3 b5 21. Bb6 Rxd1 22. Rxd1 Kf8 23. Ne3 Rc6 24. Ba7 Rd6 25. Bd4 Rd8 26. Bc5 Rxd1 27. Bxe7+ Kxe7 28. Ncxd1 Kd6 29. Kc3 Kc5 30. b4+ Kd6 31. Nf2 Nd7 32. f4 e5 33. Nf5+ Ke6 34. Nxg7+ Kf6 35. Nf5 Bxe4 36. Nxh6 Bd5 37. Nhg4+ Kf5 38. Nxe5 Nxe5 39. fxe5 Kxe5 40. h4 f5 41. Kd3 Bc4+ 42. Ke3 Bf1 43. Nd3+ Kd5 44. Nb2 Bh3 45. h5 Ke6 46. Nd3 Kf6 47. Nc5 Kg5 48. Nxa6 Bf1 49. Nc5 Kxh5 50. Kf4 Kg6 51. Nd7 Bc4 52. Nc5 1/2-1/2

[Event "Llinars del Valles op 11th B"]
[Site "Llinars del Valles"]
[Date "2017.04.29"]
[Round "2.9"]
[White "Parra Ordorica, Gorka"]
[Black "Miro Arbelaes, Aleix"]
[Result "1/2-1/2"]
[WhiteElo "1630"]
[BlackElo "1417"]
[PlyCount "145"]
[EventDate "2017.04.22"]
[EventType "swiss"]
[EventRounds "9"]
[EventCountry "ESP"]
[SourceTitle "EXT 2024"]
[Source "ChessBase"]
[SourceDate "2023.10.10"]
[SourceVersion "1"]
[SourceVersionDate "2023.10.10"]
[SourceQuality "1"]

1. e4 e6 2. d4 d5 3. Nc3 Nf6 4. e5 Nfd7 5. Nf3 c5 6. Be3 Nc6 7. Bb5 Qb6 8. 0-0 cxd4 9. Bxd4 Nxd4 10. Nxd4 a6 11. Bxd7+ Bxd7 12. Rb1 Bc5 13. Nb3 0-0 14. Nxc5 Qxc5 15. Re1 Rac8 16. Rc1 d4 17. Ne2 Qxe5 18. Nxd4 Qd5 19. Re3 e5 20. Nf3 Qxd1+ 21. Rxd1 Be6 22. Re2 f6 23. a3 Bf5 24. c3 e4 25. Nd4 Bg4 26. f3 exf3 27. Nxf3 Rfe8 28. Kf2 Rxe2+ 29. Kxe2 Kf7 30. Rd6 Re8+ 31. Kf2 Re7 32. Nd4 Rd7 33. Rb6 Kg6 34. h3 Bf5 35. Kf3 h5 36. Kg3 Re7 37. Kf4 Re4+ 38. Kf3 Re7 39. b3 Be4+ 40. Kf2 Re5 41. c4 h4 42. b4 Rg5 43. Nf3 Rf5 44. c5 Kh5 45. Ke3 Bc6 46. Kf2 g5 47. a4 g4 48. hxg4+ Kxg4 49. b5 axb5 50. axb5 Rxc5 51. bxc6 Rxc6 52. Rxb7 Rc1 53. Ke2 Rc2+ 54. Nd2 Kg3 55. Rh7 f5 56. Rg7+ Kf4 57. Rg6 Ra2 58. Rd6 Kg3 59. Rg6+ Kf4 60. Ke1 Ra1+ 61. Kf2 Ra2 62. Rd6 Kg4 63. Kg1 h3 64. Rg6+ Kh5 65. Rd6 hxg2 66. Kxg2 Kg4 67. Rd5 Kf4 68. Kf2 Kg4 69. Rd4+ f4 70. Kg2 Kf5 71. Kf3 Ra3+ 72. Kf2 Ra2 73. Kf3 1/2-1/2

[Event "Mollet del Valles op 4th"]
[Site "Mollet del Valles"]
[Date "2016.11.25"]
[Round "9"]
[White "Miro Arbelaes, Aleix"]
[Black "Nicomedes Carmona, Jose"]
[Result "0-1"]
[WhiteElo "1218"]
[BlackElo "1691"]
[PlyCount "118"]
[EventDate "2016.09.30"]
[EventType "swiss"]
[EventRounds "9"]
[EventCountry "ESP"]
[SourceTitle "EXT 2018"]
[Source "ChessBase"]
[SourceDate "2017.10.13"]
[SourceVersion "1"]
[SourceVersionDate "2017.10.13"]
[SourceQuality "1"]

1. d4 e6 2. c4 b6 3. Nc3 Bb7 4. Nf3 Nf6 5. Bf4 Bb4 6. Qb3 Bxc3+ 7. Qxc3 Nc6 8. Bg5 Qe7 9. d5 Nd8 10. Bxf6 Qxf6 11. Qxf6 gxf6 12. e4 e5 13. Nh4 d6 14. Be2 Bc8 15. 0-0 Ke7 16. f4 a5 17. fxe5 fxe5 18. Nf5+ Bxf5 19. Rxf5 Rg8 20. Raf1 Rg7 21. Bh5 a4 22. Rf6 Ra5 23. Rh6 b5 24. Be2 bxc4 25. Bxc4 Rc5 26. b3 axb3 27. axb3 Ra5 28. h3 Ra2 29. Rf2 Ra1+ 30. Rf1 Ra7 31. Rf5 Kf8 32. Rf3 Nb7 33. Bb5 Nc5 34. Rh4 Ra3 35. Bc4 Kg8 36. Kh2 Ra2 37. Bf1 Rb2 38. Rc3 Rxb3 39. Rc1 Rg6 40. Ra1 Rf6 41. Ra8+ Kg7 42. Rg4+ Rg6 43. Rxg6+ hxg6 44. Rc8 Rb7 45. Be2 Nxe4 46. Ba6 Ra7 47. Bb5 Nc3 48. Bc6 f5 49. Rb8 e4 50. Rb2 e3 51. Rc2 Ra3 52. Rc1 f4 53. Rf1 g5 54. Bd7 Nxd5 55. Bg4 Kf6 56. Bf3 Nc3 57. Rc1 Ke5 58. Kg1 d5 59. Kf1 c5 0-1

[Event "Roncana op-B 10th"]
[Site "Santa Eulalia de Roncana"]
[Date "2016.10.08"]
[Round "3"]
[White "Arcusa Postils, Eduard"]
[Black "Miro Arbelaes, Aleix"]
[Result "1/2-1/2"]
[WhiteElo "1624"]
[BlackElo "1218"]
[PlyCount "111"]
[EventDate "2016.09.24"]
[EventType "swiss"]
[EventRounds "8"]
[EventCountry "ESP"]
[SourceTitle "EXT 2018"]
[Source "ChessBase"]
[SourceDate "2017.10.13"]
[SourceVersion "1"]
[SourceVersionDate "2017.10.13"]
[SourceQuality "1"]

1. d4 e6 2. Nf3 d5 3. Bf4 c5 4. e3 Nc6 5. c3 Qb6 6. Qc2 Bd7 7. Nbd2 Rc8 8. Qb1 cxd4 9. exd4 Nf6 10. Bd3 Be7 11. 0-0 0-0 12. Ne5 h6 13. Be3 Qc7 14. f4 Bd6 15. Qd1 Qb6 16. Qb3 Qxb3 17. Nxb3 Rfe8 18. Bf2 Bxe5 19. fxe5 Nh7 20. Nc5 Rc7 21. Bg3 b6 22. Na6 Rcc8 23. Bxh7+ Kxh7 24. Rxf7 Re7 25. Rxe7 Nxe7 26. Nb4 Bb5 27. Bf2 Kg6 28. Nc2 Kg5 29. Ne3 Nf5 30. Re1 Bd3 31. g3 Be4 32. h4+ Kg6 33. g4 Nxe3 34. Rxe3 Rf8 35. Rg3 Rf3 36. h5+ Kg5 37. Rg2 Rh3 38. Rh2 Rxh2 39. Kxh2 Kxg4 40. Be3 Kxh5 41. Kg3 g5 42. a3 Kg6 43. b3 h5 44. c4 dxc4 45. bxc4 h4+ 46. Kg4 Bf5+ 47. Kf3 g4+ 48. Kf4 h3 49. Kg3 Kf7 50. Bd2 Bd3 51. c5 bxc5 52. dxc5 Be4 53. Be3 a6 54. Bg1 Bf3 55. c6 Bxc6 56. Kxg4 1/2-1/2

[Event "ESP-ch U10"]
[Site "Granada"]
[Date "2016.06.30"]
[Round "6"]
[White "Macias Pino, Diego"]
[Black "Miro Arbelaes, Aleix"]
[Result "1-0"]
[WhiteElo "1585"]
[BlackElo "1181"]
[PlyCount "139"]
[EventDate "2016.06.27"]
[EventType "swiss"]
[EventRounds "9"]
[EventCountry "ESP"]
[SourceTitle "EXT 2024"]
[Source "ChessBase"]
[SourceDate "2023.10.10"]
[SourceVersion "1"]
[SourceVersionDate "2023.10.10"]
[SourceQuality "1"]

1. d4 b6 2. e4 Bb7 3. Nc3 e6 4. Nf3 Bb4 5. Bd3 Nf6 6. Qe2 d5 7. e5 Ne4 8. Bd2 Nxd2 9. Qxd2 Nd7 10. a3 Bxc3 11. Qxc3 0-0 12. Qd2 f6 13. exf6 Qxf6 14. 0-0 e5 15. dxe5 Nxe5 16. Nxe5 Qxe5 17. c3 Rf6 18. Rfe1 Qh5 19. Re3 Qf7 20. Rae1 Rf8 21. R1e2 Qd7 22. Rh3 h6 23. Rhe3 Qa4 24. Bb1 Ba6 25. Bd3 Bb7 26. Bc2 Qb5 27. Qd3 Qxd3 28. Bxd3 c5 29. Re7 R6f7 30. f3 Rxe7 31. Rxe7 Rf7 32. Re8+ Rf8 33. Bh7+ Kf7 34. Bg6+ Kg8 35. Re7 Rb8 36. Rd7 Kf8 37. Bf7 a6 38. Bxd5 Bxd5 39. Rxd5 Re8 40. Kf2 Kf7 41. Rd6 Rb8 42. Kg3 Ke7 43. Rg6 Kf7 44. Rc6 Ke7 45. f4 Kf7 46. Kg4 Rb7 47. h4 Ke7 48. Kf5 Kf7 49. g4 a5 50. g5 h5 51. g6+ Ke7 52. Ke5 Kd7 53. Re6 a4 54. Kd5 c4 55. Rc6 b5 56. Re6 Rb8 57. Re5 Re8 58. Rxe8 Kxe8 59. Kd6 Kd8 60. f5 Ke8 61. Ke6 Kf8 62. Kd7 Kg8 63. Ke8 b4 64. cxb4 Kh8 65. Ke7 Kg8 66. b5 c3 67. bxc3 Kh8 68. b6 Kg8 69. b7 Kh8 70. b8Q# 1-0

[Event "ESP-ch U10"]
[Site "Granada"]
[Date "2016.06.28"]
[Round "3"]
[White "Miro Arbelaes, Aleix"]
[Black "Rey Chimera, Luca"]
[Result "1-0"]
[WhiteElo "1181"]
[BlackElo "1354"]
[PlyCount "69"]
[EventDate "2016.06.27"]
[EventType "swiss"]
[EventRounds "9"]
[EventCountry "ESP"]
[SourceTitle "EXT 2024"]
[Source "ChessBase"]
[SourceDate "2023.10.10"]
[SourceVersion "1"]
[SourceVersionDate "2023.10.10"]
[SourceQuality "1"]

1. d4 d5 2. Nf3 Nf6 3. e3 Bf5 4. b3 e6 5. Bb2 Bd6 6. Nbd2 Nbd7 7. c4 c6 8. Be2 Rc8 9. 0-0 0-0 10. Ne5 Qc7 11. f4 c5 12. g4 Be4 13. g5 Ne8 14. Nxe4 dxe4 15. h4 f6 16. gxf6 Nexf6 17. Rf2 cxd4 18. exd4 b6 19. Rg2 b5 20. h5 bxc4 21. bxc4 Bxe5 22. fxe5 Ne8 23. h6 Rd8 24. Bc1 Kh8 25. hxg7+ Nxg7 26. Bh6 Rg8 27. Bf1 Nf5 28. Qh5 Rxg2+ 29. Bxg2 Qxc4 30. Rd1 Nxd4 31. Qf7 Nf5 32. Rxd7 Qc5+ 33. Kh1 Rxd7 34. Qe8+ Qf8 35. Qxf8# 1-0

[Event "Roncana op-C 9th"]
[Site "Santa Eulalia de Roncana"]
[Date "2015.10.31"]
[Round "4"]
[White "Miro Arbelaes, Aleix"]
[Black "Perez Perez, Eric"]
[Result "1-0"]
[WhiteElo "1740"]
[BlackElo "1703"]
[PlyCount "75"]
[EventDate "2015.10.03"]
[EventType "swiss"]
[EventRounds "8"]
[EventCountry "ESP"]
[SourceTitle "EXT 2017"]
[Source "ChessBase"]
[SourceDate "2016.10.25"]
[SourceVersion "1"]
[SourceVersionDate "2016.10.25"]
[SourceQuality "1"]

1. d4 e6 2. c4 d5 3. Nc3 c5 4. Nf3 Nf6 5. Bg5 Qb6 6. b3 Bd7 7. Bxf6 gxf6 8. cxd5 exd5 9. Nxd5 Qa5+ 10. Qd2 Qxd2+ 11. Nxd2 Bd6 12. dxc5 Be6 13. Nxf6+ Ke7 14. cxd6+ Kxf6 15. Ne4+ Kf5 16. Nc5 Nd7 17. Nxb7 Rac8 18. e3 Nc5 19. Nxc5 Rxc5 20. Bd3+ Ke5 21. 0-0 Bd5 22. Rad1 Rg8 23. g3 Bf3 24. Rc1 Rd5 25. Bxh7 Rxd6 26. Bxg8 f5 27. Rc5+ Bd5 28. Rd1 Kf6 29. Rcxd5 Rxd5 30. Rxd5 Kg7 31. Kg2 Kxg8 32. Rd7 a6 33. Kf3 f4 34. Kxf4 a5 35. Kf5 a4 36. Kf6 axb3 37. axb3 Kf8 38. Rd8# 1-0

[Event "Roncana op-C 9th"]
[Site "Santa Eulalia de Roncana"]
[Date "2015.10.24"]
[Round "3"]
[White "Lajarin Rallo, Marc"]
[Black "Miro Arbelaes, Aleix"]
[Result "1-0"]
[WhiteElo "1654"]
[BlackElo "1740"]
[PlyCount "106"]
[EventDate "2015.10.03"]
[EventType "swiss"]
[EventRounds "8"]
[EventCountry "ESP"]
[SourceTitle "EXT 2017"]
[Source "ChessBase"]
[SourceDate "2016.10.25"]
[SourceVersion "1"]
[SourceVersionDate "2016.10.25"]
[SourceQuality "1"]

1. d4 e6 2. e4 d5 3. exd5 exd5 4. c4 Bb4+ 5. Nc3 Ne7 6. Bd3 0-0 7. Qc2 g6 8. Bh6 Re8 9. 0-0-0 Nf5 10. Bxf5 Bxf5 11. Qb3 Bd6 12. Qxb7 Nc6 13. Qxc6 Bd7 14. Qxd5 c6 15. Qf3 Bf8 16. Bxf8 Rxf8 17. Re1 Rb8 18. Nh3 Qb6 19. b3 Qxd4 20. Qe3 Qg4 21. Qh6 Qd4 22. Re3 Rfe8 23. Ng5 Qg7 24. Qxg7+ Kxg7 25. Rxe8 Rxe8 26. Rd1 Bf5 27. b4 h6 28. Nf3 Rb8 29. a3 Be6 30. c5 Bb3 31. Rd7 a6 32. Ne5 Re8 33. Nxc6 Re1+ 34. Kb2 Be6 35. Re7 Rd1 36. Nxd1 Bd5 37. Nd8 Kf8 38. Rd7 Bxg2 39. c6 Ke8 40. Rd4 Bxc6 41. Nxc6 Kf8 42. Rd8+ Kg7 43. Ne3 g5 44. Nd5 Kg6 45. a4 Kf5 46. Rd7 Kg4 47. b5 axb5 48. axb5 f5 49. b6 Kf3 50. b7 Kxf2 51. b8Q f4 52. Nxf4 gxf4 53. Qxf4+ Ke2 1-0

[Event "Roncana op-C 8th"]
[Site "Santa Eulalia de Roncana"]
[Date "2014.11.01"]
[Round "3"]
[White "Miro Arbelaes, Aleix"]
[Black "Gomez Rivera, Judit"]
[Result "0-1"]
[WhiteElo "1713"]
[BlackElo "1700"]
[PlyCount "32"]
[EventDate "2014.10.11"]
[EventType "swiss"]
[EventRounds "8"]
[EventCountry "ESP"]
[SourceTitle "EXT 2016"]
[Source "ChessBase"]
[SourceDate "2015.10.08"]
[SourceVersion "1"]
[SourceVersionDate "2015.10.08"]
[SourceQuality "1"]

1. e4 e5 2. Nf3 Nc6 3. Bb5 Bb4 4. Bxc6 bxc6 5. Nxe5 Nf6 6. a3 Bd6 7. Nc4 Nxe4 8. Nxd6+ cxd6 9. Qe2 d5 10. Qg4 0-0 11. 0-0 d6 12. Qf3 Ba6 13. Re1 Rb8 14. d3 Ng5 15. Qg3 Re8 16. Bxg5 Rxe1# 0-1

[Event "Roncana op-C 8th"]
[Site "Santa Eulalia de Roncana"]
[Date "2014.10.11"]
[Round "1"]
[White "Miro Arbelaes, Aleix"]
[Black "Navajas Alvarez, Antoni"]
[Result "0-1"]
[WhiteElo "1713"]
[BlackElo "1700"]
[PlyCount "28"]
[EventDate "2014.10.11"]
[EventType "swiss"]
[EventRounds "8"]
[EventCountry "ESP"]
[SourceTitle "EXT 2016"]
[Source "ChessBase"]
[SourceDate "2015.10.08"]
[SourceVersion "1"]
[SourceVersionDate "2015.10.08"]
[SourceQuality "1"]

1. e4 c5 2. Qf3 d6 3. Bc4 Nf6 4. d3 Qa5+ 5. c3 g6 6. Bg5 Nbd7 7. a3 Bg7 8. Qe3 0-0 9. d4 Ng4 10. Qd3 a6 11. Bxe7 Re8 12. Bxd6 cxd4 13. b4 Qg5 14. Bxf7+ Kh8 0-1